00854 a2200181 45000010006000000050017000060080041000230030015000640400040000790800022001192450051001412640034001923000017002265050299002430410008005421000028005508560094005784133820260407155707.0260407a2017 arg spa dAR-UNSa-BCEJYS aAR-UNSa-BCEJYSbspacAR-UNSa-BCEJYS a336.22xImpuestos10aLey 27.346pReforma impositiva. Texto completo 1aBuenos Aires :bErreparc2017 a9 p.c21 cm. aI. Modificaciones ganancias (Título I) - II. Modificaciones monotributo (Título II) - III. Otros impuestos (Título III): 1. Realización de apuestas (capítulo I) - 2. Apuestas online (capítulo II) - 3. Dólar futuro (capítulo III) - 4. IVA. Responsables sustitutos (capítulo IV) aspa1 aArgentina [Leyes, etc.]41uhttps://biblioeco.unsa.edu.ar/pmb/images/libros/E00037.jpgyImagen de portadaqimage/jpeg